|
|
|
|
| LEADER |
01280nam a2200337 i 4500 |
| 001 |
36422 |
| 003 |
BD-DhAAL |
| 005 |
20211129101243.0 |
| 008 |
191023t2015 enka 001 0 eng |
| 999 |
|
|
|c 41599
|d 41599
|
| 010 |
|
|
|a 2014044325
|
| 020 |
|
|
|a 9781292001449 (Print)
|
| 020 |
|
|
|a 978129200163 (PDF)
|
| 020 |
|
|
|a 9781292008172 (eTEXT)
|
| 040 |
|
|
|a DLC
|b eng
|c DLC
|e rda
|d DLC
|d BD-DhAAL
|
| 042 |
|
|
|a pcc
|
| 050 |
0 |
0 |
|a HG187.4
|b .K37 2015
|
| 082 |
0 |
0 |
|a 332.091767
|2 23
|
| 100 |
1 |
|
|a Karbani, Faizal.
|9 36457
|
| 245 |
1 |
0 |
|a Mastering Islamic finance :
|b a practical guide to Sharia-compliant banking, investment and insurance /
|c Faizal Karbani.
|
| 260 |
|
|
|a Harlow, England ;
|a New York :
|b Pearson,
|c 2015
|
| 300 |
|
|
|a xiv, 191 pages :
|b illustrations ;
|c 23 cm.
|
| 500 |
|
|
|a Includes index.
|
| 526 |
|
|
|a BBS
|
| 541 |
|
|
|a Karim International
|e 36422
|
| 650 |
|
0 |
|a Finance
|x Religious aspects
|x Finance.
|9 36458
|
| 650 |
|
0 |
|a Finance (Islamic law)
|9 36459
|
| 650 |
|
0 |
|a Business & finance
|9 43264
|
| 852 |
|
|
|a Ayesha Abed Library
|c General Stacks
|
| 942 |
|
|
|2 ddc
|c BK
|
| 952 |
|
|
|0 0
|1 0
|2 ddc
|4 0
|6 332_091767000000000_KAR
|7 0
|9 66786
|a BRACUL
|b BRACUL
|c GEN
|d 2019-10-17
|e Karim International
|g 5500.00
|l 4
|m 34
|o 332.091767 KAR
|p 3010036422
|r 2025-10-29
|s 2025-10-22
|t 1
|v 5500.00
|w 2019-10-17
|y BK
|